000 00490nam a2200169Ia 4500
999 _c976
_d976
003 OSt
005 20210119151811.0
008 190216s9999||||xx |||||||||||||| ||und||
040 _coclc
082 _a492.7
_bJAR/N
100 _aJarim, Ali Al
_98301
245 0 _aNahv Al Walih Vol -3 /
_cAli Al Jarim ; Musthafa Ameen
260 _bTirurangadi Book Stall,
_aTirurangadi:
_c2001.
300 _a161p
650 _aArabic
942 _cBK
_2ddc
_h492.7
_iJAR/N
_k492.7
_mJAR/N